Films avec Romy Schneider par image - Statistiques

Statistiques générales
  • Ce quiz a été pris 71 fois
  • Le résultat moyen est 7 sur 16
Statistiques - réponses
Par images Réponse % Correct
Sissi
95%
La Piscine
94%
Le Vieux Fusil
65%
Les Choses de la vie
58%
César et Rosalie
53%
La Banquière
48%
Max et les ferrailleurs
48%
La Passante du Sans-Souci
42%
Le Train
37%
Ludwig, le crépuscule des dieux
34%
Les Jeunes Années d'une reine
31%
L'Important c'est d'aimer
26%
Une histoire simple
18%
Le Procès
16%
Clair de femme
13%
Plein Soleil
8%
Aucun quiz correspondant
Distribution des résultats
% des personnes avec chaque résultat
Percentile par nombre de réponses
Votre historique - résultats
Vous n’avez pas pris ce quiz